000 00949nam a22002295i 4500
001 178649
003 ES-MaACL
005 20251120174840.0
008 110609s1971 sp |||| | spa d
080 _a929 Fargas y Roca, Miguel A.
100 1 _aAlonso Duat, José Carlos.
_9147074
245 1 0 _aMiguel A. Fargas Roca
_b: vida y obra de un ginecológo /
_cresumen de la tesis presentada para aspirar al grado de doctor en medicina por José Carlos Alonso Duat.
260 _aBarcelona :
_bUniversidad de Barcelona, Secretariado de Publicaciones, Intercambio Científico y Extensión Universitaria :
_bIvern,
_c1971.
300 _a14 p. ;
_c24 cm.
500 _aCub. tomada como port.
500 _aÍndices.
504 _aBibliografía: p. 9 y 13.
600 1 7 _aFargas y Roca, Miguel A.,
_d1858-1916
_2
_9147075
710 2 _aUniversidad de Barcelona.
_97141
852 _aES-MaACL
_jE-15361 (55)
_xOlim P-1374
999 _c178649
_d178649